| 000 | 03532nam0a22005411 4500 | ||
|---|---|---|---|
| 001 | RU\NLR\A1\11542 | ||
| 005 | 20260407090924.0 | ||
| 035 | _a(NLR Aleph) 009674329 | ||
| 090 |
_a9675999 _c9675999 |
||
| 100 | _a19901001d1799 u y0rusy50 ca | ||
| 101 | 1 |
_arus _bfre _clat |
|
| 102 | _aRU | ||
| 135 | _acrcn 024anaba | ||
| 140 | _ay y ga yaa0000 | ||
| 200 | 1 |
_aМифология или История языческих богов, полубогов и славнейших в языческой древности ироев. _eСодержащая изъяснение баснотворения и превращений _fпреложенная с французскаго языка Парменом Лепехиным |
|
| 210 |
_aВ Санктпетербурге _cпри Императорской Академии наук _d1799 |
||
| 215 |
_a[6], 111, [1] c. _d8° |
||
| 305 | _aЗагл. ориг.: Appendix de diis et heroibus poetics ad poetarum intelligentiam necessaria (1709). Рус. перевод сделан с фр. перевода 1775 г. с дополнениями | ||
| 316 |
_aЭкз. РНБ (18.32.2.1) в составном картон. пер., оклеенном бумагой, с кожан. корешком и уголками красного цвета. На корешке тисненые золотом суперэслибрис Имп. публич. б-ки с буквами И.Б. и надпись "Мифология. 1799". Корешок частично утрачен. На нижней крышке пер. экслибрис с шифром РНБ. На форзаце ярлык с шифром РНБ. На тит. л. круглый штамп ИПБ в венке с короной. На с.33 и 111 круглый штамп ГПБ. Размер: 17,3х11,8Х1,3 см _5NLR: 18.32.2.1 |
||
| 321 | 1 | _aСК XVIII 4266 | |
| 321 | 1 | _aXVIII век. Сб.20. С.174-175 | |
| 325 | _aКопия доступна в Электрон. б-ке РНБ | ||
| 517 | 1 | _aИстория языческих богов, полубогов и славнейших в языческой древности ироев | |
| 518 | 1 | _aМифология или История языческих богов, полубогов и славнейших в языческой древности героев | |
| 620 | _dСанкт-Петербург | ||
| 700 | 1 |
_6z01700 _aЖуванси _bЖ. де _f1643-1719 _gЖозеф де _4070 |
|
| 700 | 1 |
_6z01700 _aJouvancy _bJ. de _gJoseph de _7ba |
|
| 702 | 1 |
_aЛепехин _bП.И. _gПармен Иванович _4730 |
|
| 712 | 0 | 2 |
_4610 _aАкадемическая типография _cПетербург _3RU\NLR\AUTH\8815379 _9303965 |
| 801 | 0 |
_aRU _bNLR _c19991001 |
|
| 852 |
_aNLR _j18.32.2.1 |
||
| 852 |
_aNLR _j138/1638 |
||
| 856 | 0 | _uhttp://vivaldi.nlr.ru/bx000016642/view | |
| 856 | 1 | _uhttp://vivaldi.nlr.ru/bx000016642/cover | |
| 856 | 2 | _uhttp://vivaldi.nlr.ru/bx000016642/text | |
| 899 | _aБАН | ||
| 899 | _aВОУНБ | ||
| 899 | _aГПИБ | ||
| 942 | _cBOOK | ||
| 980 | _aNB | ||
| 980 | 3 | _akpcivil | |
| 980 | 3 | _akp | |
| 980 | _aA1XVIIIv | ||
| 981 | 2 | 0 |
_a(20) Книжные памятники РНБ _b(20) Русский книжный фонд |